[Event "2LD 24/25,Polabiny C-Policka"]
[Site ""]
[Date "2024.11.03"]
[Round "2.8"]
[White "Sodomka, Adam"]
[Black "Trojan, Lubos"]
[WhiteElo "1964"]
[BlackElo "1901"]
[Result "0-1"]
[PlyCount "74"]

1. e4 e6 2. d4 d5 3. Nc3 Nf6 4. Bg5 Be7 5. e5 Nfd7 6. h4 c5 7. Nb5 cxd4 8. Nd6+
Kf8 9. Qh5 Nxe5 10. Bxe7+ Qxe7 11. Qxe5 Nc6 12. Qg3 e5 13. Qa3 a6 14. Nb5 Bf5
15. Qxe7+ Kxe7 16. Na3 Rhc8 17. c3 dxc3 18. bxc3 b5 19. Nf3 e4 20. Nd2 Ne5 21.
Rc1 b4 22. Nab1 d4 23. c4 a5 24. Be2 d3 25. Bd1 a4 26. O-O Be6 27. Re1 f5 28.
f3 Nxc4 29. fxe4 f4 30. Kf2 Nb2 31. Rxc8 Rxc8 32. a3 b3 33. Bf3 Rc2 34. Kf1 h6
35. e5 g5 36. hxg5 hxg5 37. Bc6 Rxc6 0-1

[Event "2LD 24/25,Lipky HK B-Lanskroun"]
[Site ""]
[Date "2024.11.03"]
[Round "2.1"]
[White "Cech, Pavel"]
[Black "Kupsa, Matej"]
[WhiteElo "2330"]
[BlackElo "2140"]
[Result "1-0"]
[PlyCount "45"]

1. e4 e5 2. Nf3 Nf6 3. Nxe5 d6 4. Nf3 Nxe4 5. Nc3 Nf6 6. d4 d5 7. Bd3 Bd6 8.
Qe2+ Qe7 9. Qxe7+ Kxe7 10. Nb5 Be6 11. O-O Nc6 12. c3 a6 13. Nxd6 Kxd6 14. Re1
Rae8 15. Ne5 Nb8 16. b3 Ke7 17. f4 Kf8 18. f5 Bc8 19. c4 Ne4 20. cxd5 Nd6 21.
Ba3 b5 22. Rac1 f6 23. Rxc7 1-0

[Event "2LD 24/25,Lipky HK B-Lanskroun"]
[Site ""]
[Date "2024.11.03"]
[Round "2.2"]
[White "Duriancik, Michal"]
[Black "Winter, Ondrej"]
[WhiteElo "1919"]
[BlackElo "2230"]
[Result "0-1"]
[PlyCount "78"]

1. d4 Nf6 2. c4 g6 3. Nc3 d5 4. cxd5 Nxd5 5. e4 Nxc3 6. bxc3 Bg7 7. Nf3 c5 8.
Be3 Qa5 9. Qd2 Nc6 10. Rc1 cxd4 11. cxd4 Qxd2+ 12. Kxd2 O-O 13. Bb5 Rd8 14.
Bxc6 bxc6 15. Rhd1 Rb8 16. Rxc6 Bb7 17. Rc7 Bxe4 18. Rxe7 Bxf3 19. gxf3 Bxd4
20. Ke2 Bxe3 21. Rxd8+ Rxd8 22. fxe3 Rb8 23. Rxa7 Rb2+ 24. Kf1 Rxh2 25. a4 Ra2
26. a5 h5 27. a6 Kf8 28. e4 Kg7 29. Kg1 Kf6 30. Kf1 Ke6 31. Kg1 Kf6 32. Kf1 h4
33. Kg1 g5 34. Ra8 Ke5 35. Ra7 Kf4 36. Rxf7+ Kg3 37. Kf1 h3 38. f4 h2 39. Rh7
Rxa6 0-1

[Event "2LD 24/25,Lipky HK B-Lanskroun"]
[Site ""]
[Date "2024.11.03"]
[Round "2.3"]
[White "Juptner, Jan"]
[Black "Solil, Roman"]
[WhiteElo "2229"]
[BlackElo "1946"]
[Result "1-0"]
[PlyCount "107"]

1. d4 Nf6 2. c4 g6 3. Nc3 Bg7 4. Nf3 O-O 5. g3 d6 6. Bg2 Bg4 7. O-O c6 8. e4
Nbd7 9. h3 Bxf3 10. Bxf3 e5 11. d5 c5 12. Bg5 h6 13. Bd2 Ne8 14. Qc1 Kh7 15.
Qc2 a6 16. a3 Rb8 17. Nd1 b5 18. Ne3 Nb6 19. b3 Qd7 20. cxb5 axb5 21. a4 bxa4
22. bxa4 Nf6 23. Kg2 h5 24. Be2 h4 25. Rfb1 hxg3 26. fxg3 Bh6 27. a5 Na8 28. a6
Qa7 29. Rxb8 Rxb8 30. Rb1 Nc7 31. Rxb8 Qxb8 32. Bd3 Qa8 33. Qa2 Bxe3 34. Bxe3
Kg7 35. Kf2 Qc8 36. g4 Nd7 37. a7 Nb6 38. Qa5 Qb7 39. Bd2 Nc8 40. Qxc7 Qxc7 41.
a8=Q c4 42. Bc2 Qb6+ 43. Be3 Qb2 44. Qa4 c3 45. Qb3 Qa1 46. Qb1 Qa5 47. h4 Ne7
48. h5 gxh5 49. gxh5 Kh7 50. Kg3 Qc7 51. Qf1 f5 52. exf5 Nxd5 53. f6+ Kg8 54.
f7+ 1-0

[Event "2LD 24/25,Lipky HK B-Lanskroun"]
[Site ""]
[Date "2024.11.03"]
[Round "2.4"]
[White "Ambroz, Antonin"]
[Black "Nun, Jiri"]
[WhiteElo "1917"]
[BlackElo "2232"]
[Result "1/2-1/2"]
[PlyCount "43"]

1. d4 Nf6 2. Nf3 c5 3. d5 d6 4. c4 b5 5. cxb5 a6 6. b6 Qxb6 7. Nc3 g6 8. g3 Bg7
9. Bg2 O-O 10. O-O a5 11. Re1 Ba6 12. h3 Nbd7 13. Na4 Qc7 14. e4 Rfb8 15. Bd2
Ne8 16. Qc2 Bb5 17. Bc3 Bxa4 18. Qxa4 Ra7 19. Re2 Bxc3 20. bxc3 Rab7 21. Kh2 f6
22. h4 1/2-1/2

[Event "2LD 24/25,Lipky HK B-Lanskroun"]
[Site ""]
[Date "2024.11.03"]
[Round "2.5"]
[White "Cerny, David"]
[Black "Bartos, Karel"]
[WhiteElo "2125"]
[BlackElo "1912"]
[Result "1/2-1/2"]
[PlyCount "40"]

1. e4 c6 2. d4 d5 3. e5 Bf5 4. Nc3 e6 5. g4 Bg6 6. Nge2 h6 7. Nf4 Bh7 8. Be3
Nd7 9. Qd2 Ne7 10. O-O-O c5 11. Nh5 Nc6 12. a3 a6 13. f4 cxd4 14. Bxd4 Nxd4 15.
Qxd4 Bc5 16. Qd2 Rg8 17. Bd3 Bxd3 18. Qxd3 Qc7 19. Rhe1 O-O-O 20. Ng3 Kb8
 1/2-1/2

[Event "2LD 24/25,Lipky HK B-Lanskroun"]
[Site ""]
[Date "2024.11.03"]
[Round "2.6"]
[White "Kalousova, Antonie"]
[Black "Voriskova, Anna"]
[WhiteElo "1872"]
[BlackElo "1995"]
[Result "1/2-1/2"]
[PlyCount "42"]

1. e4 c5 2. c3 d5 3. exd5 Qxd5 4. d4 Nf6 5. Nf3 Bg4 6. Be2 cxd4 7. Qxd4 Qxd4 8.
Nxd4 Bxe2 9. Nxe2 Nc6 10. Na3 e6 11. Nc2 Bd6 12. O-O O-O 13. Rd1 Rfd8 14. Bg5
Be7 15. Ned4 Nxd4 16. Nxd4 Rd5 17. Nf3 Rad8 18. Rxd5 Rxd5 19. Kf1 h6 20. Be3 b6
21. c4 Rd8 1/2-1/2

[Event "2LD 24/25,Lipky HK B-Lanskroun"]
[Site ""]
[Date "2024.11.03"]
[Round "2.7"]
[White "Vestfal, Jan"]
[Black "Svub, Jan"]
[WhiteElo "2011"]
[BlackElo "1887"]
[Result "1-0"]
[PlyCount "73"]

1. d4 d5 2. c4 e6 3. Nc3 c6 4. e3 Nf6 5. Nf3 Nbd7 6. Qc2 Bd6 7. g4 h6 8. Rg1
dxc4 9. g5 hxg5 10. Nxg5 Nf8 11. e4 Bb4 12. Be3 b5 13. O-O-O Rxh2 14. Nh3 Ng6
15. Rxg6 fxg6 16. e5 Nd5 17. Qxg6+ Kd7 18. Nxd5 cxd5 19. Qxg7+ Qe7 20. Qg1 Rxh3
21. Bxh3 c3 22. Rd3 Qh7 23. Bf1 cxb2+ 24. Kxb2 a6 25. Rb3 Be7 26. Bd3 Qf7 27.
Qf1 b4 28. f4 Kc7 29. Qc1+ Kd8 30. Qc6 Ra7 31. a3 bxa3+ 32. Ka2 Bf8 33. Bd2 Qc7
34. Qa4 Bd7 35. Qa5 Qxa5 36. Bxa5+ Kc8 37. Rb6 1-0

[Event "2LD 24/25,Lipky HK B-Lanskroun"]
[Site ""]
[Date "2024.11.03"]
[Round "2.8"]
[White "Senko, Jan"]
[Black "Jezbera, Jiri"]
[WhiteElo "1820"]
[BlackElo "2031"]
[Result "0-1"]
[PlyCount "38"]

1. d4 Nf6 2. Bf4 g6 3. Nf3 Bg7 4. e3 d6 5. Be2 O-O 6. Nbd2 c6 7. h3 Nbd7 8. O-O
Re8 9. Re1 e5 10. Bg5 Qc7 11. Bxf6 Nxf6 12. Nh2 Be6 13. c3 Rad8 14. Bg4 Nxg4
15. Nxg4 f5 16. Nh2 f4 17. exf4 exd4 18. Ne4 Bd5 19. Ng5 dxc3 0-1

[Event "2LD 24/25,Jihlava B-Jihlava A"]
[Site ""]
[Date "2024.11.03"]
[Round "2.1"]
[White "Seidl, Stepan"]
[Black "Rybackova, Lucie"]
[WhiteElo "2169"]
[BlackElo "2054"]
[Result "0-1"]
[PlyCount "78"]

1. e4 c6 2. Nc3 d5 3. Nf3 dxe4 4. Nxe4 Nf6 5. Qe2 Nxe4 6. Qxe4 Nd7 7. c3 Nf6 8.
Qc2 g6 9. d4 Bg7 10. Bd3 O-O 11. Bf4 Be6 12. h4 h5 13. Ng5 Qd7 14. Nxe6 Qxe6+
15. Kf1 Rad8 16. Rh3 c5 17. dxc5 Qd5 18. b4 e5 19. Bg5 e4 20. Be2 Rde8 21. Qd2
Qf5 22. Qf4 Qe6 23. Qd6 Qf5 24. Qf4 Qe6 25. c4 Ng4 26. Re1 f6 27. Bxg4 hxg4 28.
Rhe3 fxg5 29. Rxe4 Qxc4+ 30. Rxc4 Rxe1+ 31. Kxe1 Rxf4 32. Rxf4 gxf4 33. Ke2 Kf7
34. f3 g3 35. Kd3 Ke6 36. Kc4 Bf6 37. Kb5 Kd5 38. a4 Bd8 39. c6 a6# 0-1

[Event "2LD 24/25,Jihlava B-Jihlava A"]
[Site ""]
[Date "2024.11.03"]
[Round "2.2"]
[White "Pavlis, Matej"]
[Black "Bukacek, Lubomir"]
[WhiteElo "2091"]
[BlackElo "2110"]
[Result "0-1"]
[PlyCount "54"]

1. d4 f5 2. c4 Nf6 3. g3 e6 4. Bg2 d5 5. Nf3 c6 6. O-O Bd6 7. b3 O-O 8. Ba3
Bxa3 9. Nxa3 Qa5 10. Qc1 Nbd7 11. Qb2 Ne4 12. Nb1 Qd8 13. b4 dxc4 14. Nfd2 Nd6
15. a4 Rb8 16. Nc3 Qf6 17. e3 e5 18. Qa2 b5 19. Bxc6 exd4 20. exd4 Qxd4 21.
Nxb5 Nxb5 22. Bxb5 Ne5 23. Bxc4+ Kh8 24. Rad1 Rxb4 25. Qa3 a5 26. Be2 Bb7 27.
Nf3 Qe4 0-1

[Event "2LD 24/25,Jihlava B-Jihlava A"]
[Site ""]
[Date "2024.11.03"]
[Round "2.3"]
[White "Skoda, Martin"]
[Black "Zednicek, Filip"]
[WhiteElo "2152"]
[BlackElo "2007"]
[Result "1/2-1/2"]
[PlyCount "53"]

1. e4 e5 2. Nf3 Nc6 3. Bb5 f5 4. d3 fxe4 5. dxe4 Nf6 6. O-O Bc5 7. Bg5 d6 8.
Nc3 O-O 9. Nd5 Kh8 10. c3 Bg4 11. b4 Bb6 12. Be2 Ne7 13. Nd2 Bxe2 14. Qxe2
Nexd5 15. exd5 Qe8 16. Bxf6 Rxf6 17. Ne4 Rg6 18. Kh1 Qe7 19. f4 exf4 20. Rxf4
Rg5 21. Raf1 Re5 22. Qf3 h6 23. Rf7 Qh4 24. Rf8+ Rxf8 25. Qxf8+ Kh7 26. Nf6+
gxf6 27. Qf7+ 1/2-1/2

[Event "2LD 24/25,Jihlava B-Jihlava A"]
[Site ""]
[Date "2024.11.03"]
[Round "2.4"]
[White "Rybacek, Martin"]
[Black "Seidl, Antonin"]
[WhiteElo "1868"]
[BlackElo "2079"]
[Result "0-1"]
[PlyCount "52"]

1. d4 Nf6 2. c4 e6 3. g3 c5 4. Nf3 d5 5. cxd5 exd5 6. Bg2 Nc6 7. O-O Qb6 8.
dxc5 Bxc5 9. Nc3 O-O 10. Na4 Qb5 11. Nxc5 Qxc5 12. Be3 Qb5 13. b3 Bg4 14. h3
Bh5 15. Rc1 Rad8 16. Bd4 Qa6 17. Bxf6 gxf6 18. Qd2 d4 19. Rc5 Bg6 20. h4 Rfe8
21. h5 Rxe2 22. Qf4 Qb6 23. Rfc1 d3 24. hxg6 hxg6 25. Qc4 Rxa2 26. Rd1 Rc2 0-1

[Event "2LD 24/25,Jihlava B-Jihlava A"]
[Site ""]
[Date "2024.11.03"]
[Round "2.5"]
[White "Jurek, Miroslav"]
[Black "Kucera, David"]
[WhiteElo "2094"]
[BlackElo "1915"]
[Result "1/2-1/2"]
[PlyCount "50"]

1. e4 e6 2. Nf3 d5 3. e5 c5 4. b4 cxb4 5. d4 Bd7 6. a3 Qb6 7. axb4 Qxb4+ 8. c3
Qb6 9. Bd3 Nc6 10. O-O Nge7 11. Ba3 Ng6 12. Bxf8 Nxf8 13. Na3 Na5 14. Qe2 Ng6
15. g3 O-O 16. Ng5 Be8 17. Qg4 f5 18. exf6 Rxf6 19. Rfe1 Nf8 20. Rab1 Qc6 21.
Re3 Bg6 22. Bb5 Qd6 23. Ra1 Nb3 24. Ra2 Nc1 25. Ra1 Nb3 1/2-1/2

[Event "2LD 24/25,Jihlava B-Jihlava A"]
[Site ""]
[Date "2024.11.03"]
[Round "2.6"]
[White "Mirzoyan, Aram"]
[Black "Mouryc, Tomas"]
[WhiteElo "1740"]
[BlackElo "1960"]
[Result "0-1"]
[PlyCount "73"]

1. e4 c5 2. Nf3 d6 3. c3 Nf6 4. Na3 Bg4 5. e5 dxe5 6. Qa4+ Bd7 7. Qb3 Qc7 8.
Bc4 e6 9. Nb5 Bxb5 10. Bxb5+ Nbd7 11. Bxd7+ Nxd7 12. O-O Bd6 13. Qa4 O-O 14.
Re1 c4 15. b3 cxb3 16. axb3 a6 17. Qg4 Nc5 18. Rb1 Nd3 19. Re3 Nf4 20. Ng5 h6
21. Nh3 f5 22. Qh4 e4 23. Nxf4 Bxf4 24. Re1 Rad8 25. d4 Bxc1 26. Rbxc1 e5 27.
Qg3 Rfe8 28. h3 Qe7 29. dxe5 Qxe5 30. Qe3 Qb5 31. Qf4 Rd3 32. c4 Qd7 33. b4 Rd8
34. c5 Rd5 35. g4 fxg4 36. hxg4 Rf8 37. Qg3 0-1

[Event "2LD 24/25,Jihlava B-Jihlava A"]
[Site ""]
[Date "2024.11.03"]
[Round "2.7"]
[White "Pavlicek, Robert"]
[Black "Kocman, Patrik"]
[WhiteElo "1986"]
[BlackElo "1831"]
[Result "1/2-1/2"]
[PlyCount "87"]

1. Nf3 d5 2. b3 e6 3. Bb2 Nf6 4. e3 c5 5. Ne5 Nbd7 6. f4 Be7 7. Be2 O-O 8. O-O
Nxe5 9. Bxe5 Bd7 10. Bb2 a6 11. d3 Bc6 12. Nd2 Nd7 13. Nf3 Bf6 14. d4 b5 15.
Ne5 Nxe5 16. fxe5 Be7 17. dxc5 Bxc5 18. Bd4 Bxd4 19. Qxd4 f6 20. exf6 Rxf6 21.
Rxf6 Qxf6 22. Rf1 Qxd4 23. exd4 Be8 24. Bd3 Ra7 25. Kf2 Rf7+ 26. Ke3 Rxf1 27.
Bxf1 Kf7 28. b4 Kf6 29. Be2 h6 30. Bf3 Bg6 31. Bd1 Be8 32. c3 Bd7 33. Bc2 Be8
34. Kf4 Bd7 35. g3 Be8 36. Bd1 Bd7 37. h4 Be8 38. Bc2 Bd7 39. h5 Be8 40. g4 Bd7
41. Bg6 Bc6 42. Bh7 Be8 43. Bg8 g6 44. hxg6 1/2-1/2

[Event "2LD 24/25,Jihlava B-Jihlava A"]
[Site ""]
[Date "2024.11.03"]
[Round "2.8"]
[White "Bartova, Hana"]
[Black "Hron, Robert"]
[WhiteElo "1648"]
[BlackElo "1951"]
[Result "1/2-1/2"]
[PlyCount "83"]

1. e4 c6 2. d4 d5 3. exd5 cxd5 4. c4 Nf6 5. Nc3 e6 6. Nf3 Nc6 7. Bd3 Be7 8. O-O
dxc4 9. Bxc4 O-O 10. a3 a6 11. Qd3 b5 12. Ba2 b4 13. Ne4 bxa3 14. bxa3 Nxe4 15.
Qxe4 Bd7 16. d5 exd5 17. Bxd5 Bf6 18. Ra2 Re8 19. Qc4 Be6 20. Rd2 Bxd5 21. Rxd5
Qb6 22. Be3 Qb7 23. Rc5 Rac8 24. Qc2 Ne7 25. Rd1 Rxc5 26. Qxc5 Rc8 27. Qa5 Nc6
28. Qf5 Rd8 29. Qc2 Rxd1+ 30. Qxd1 Qb2 31. g3 Qa1 32. Qxa1 Bxa1 33. Kf1 Ne5 34.
Nxe5 Bxe5 35. Bc5 f5 36. f4 Bf6 37. Ke2 Kf7 38. Kd3 Ke6 39. Kc4 Kd7 40. Kd5 g6
41. a4 Bg7 42. Bb4 1/2-1/2

[Event "2LD 24/25,Vysoke Myto-Univerzita Brno"]
[Site ""]
[Date "2024.11.03"]
[Round "2.1"]
[White "Sabol, Marian"]
[Black "Gajdos, Daniel"]
[WhiteElo "2236"]
[BlackElo "2095"]
[Result "0-1"]
[PlyCount "108"]

1. d4 Nf6 2. g3 g6 3. Bg2 d5 4. c4 c6 5. Nc3 Bg7 6. cxd5 cxd5 7. Nf3 O-O 8. O-O
e6 9. Ne5 Nfd7 10. Nxd7 Bxd7 11. Be3 Qb6 12. Qd2 Nc6 13. Rfd1 Na5 14. b3 Rfc8
15. Rac1 Bf8 16. Bh6 Bb4 17. Qf4 Qd8 18. Bg5 Qf8 19. Nb1 Rxc1 20. Rxc1 Rc8 21.
Bh6 Rxc1+ 22. Qxc1 Qc8 23. Qxc8+ Bxc8 24. e4 dxe4 25. Bxe4 Bd7 26. Kg2 Bc6 27.
Kf3 f5 28. Bxc6 Nxc6 29. Be3 Kf7 30. Ke2 Ke7 31. Kd3 b5 32. a3 Bd6 33. Nc3 a6
34. b4 Kd7 35. Bg5 e5 36. Bf6 Nxd4 37. f4 Ke6 38. fxe5 Bxe5 39. Bxe5 Kxe5 40.
h4 h6 41. Nd1 g5 42. hxg5 hxg5 43. Nf2 Ne6 44. Nd1 f4 45. g4 Nc7 46. Nc3 Nd5
47. Ne4 Ne3 48. Nxg5 Nxg4 49. Ne4 f3 50. Nc5 Kf4 51. Kd4 f2 52. Nd3+ Kf3 53.
Nxf2 Kxf2 54. Kc5 Ne3 0-1

[Event "2LD 24/25,Vysoke Myto-Univerzita Brno"]
[Site ""]
[Date "2024.11.03"]
[Round "2.2"]
[White "Zdrazil, Jan"]
[Black "Smajzr, Martin"]
[WhiteElo "2053"]
[BlackElo "2057"]
[Result "1/2-1/2"]
[PlyCount "98"]

1. e4 Nf6 2. e5 Nd5 3. d4 d6 4. Nf3 Bg4 5. Be2 e6 6. O-O Be7 7. c4 Nb6 8. Nc3
O-O 9. Be3 Nc6 10. exd6 cxd6 11. d5 Bxf3 12. Bxf3 Ne5 13. dxe6 Nxf3+ 14. Qxf3
fxe6 15. Qe4 Qd7 16. Bxb6 axb6 17. Rfe1 Rf6 18. Rad1 Rg6 19. b3 Bf8 20. a4 Qc6
21. Nb5 e5 22. Qd5+ Qxd5 23. Rxd5 Rc8 24. Red1 Rc5 25. Nc3 Be7 26. Ne4 Rc6 27.
f3 Kf7 28. Kf2 Rh6 29. h3 Rg6 30. R1d2 Ke6 31. Ke1 Bh4+ 32. Kd1 Ke7 33. Kc2 h6
34. g3 Bg5 35. R2d3 Re6 36. Kc3 Kd7 37. Rd1 Be7 38. R1d2 Rc8 39. R2d3 Kc6 40.
b4 Ra8 41. Kb3 Rf8 42. h4 g5 43. h5 g4 44. fxg4 Rg8 45. g5 hxg5 46. g4 Rf8 47.
Ng3 e4 48. Re3 Rf3 49. Nf5 Bf6 1/2-1/2

[Event "2LD 24/25,Vysoke Myto-Univerzita Brno"]
[Site ""]
[Date "2024.11.03"]
[Round "2.3"]
[White "Grundman, Vaclav"]
[Black "Svehla, Karel"]
[WhiteElo "2054"]
[BlackElo "2096"]
[Result "1-0"]
[PlyCount "117"]

1. e4 e6 2. d4 d5 3. exd5 exd5 4. Nf3 Nf6 5. c4 c6 6. Nc3 Be7 7. Bg5 O-O 8. Bd3
dxc4 9. Bxc4 Bg4 10. O-O Bxf3 11. Qxf3 Qxd4 12. Rfe1 Bd8 13. Bb3 Nbd7 14. Rad1
Qc5 15. Bf4 Qf5 16. h3 g5 17. Bd6 Qxf3 18. gxf3 Re8 19. Rxe8+ Nxe8 20. Ne4 Nxd6
21. Nxd6 Ne5 22. Nxf7 Nxf7 23. Rd7 Kh8 24. Rxf7 Bb6 25. Rxb7 Rd8 26. f4 gxf4
27. Rf7 Rd4 28. h4 f3 29. Rxf3 Rxh4 30. Rf7 Rd4 31. Kg2 Rd2 32. Kg3 Rxb2 33. f4
Rd2 34. f5 Rd6 35. f6 Rd8 36. Bc2 Bc5 37. Rxh7+ Kg8 38. f7+ Kf8 39. Bb3 Ke7 40.
Rh6 Kd7 41. Kg4 Bf8 42. Re6 Rb8 43. Kf5 Be7 44. Ba4 Rc8 45. Ke5 Rc7 46. Rg6 Rc8
47. Bb3 Rb8 48. Be6+ Kc7 49. Rg8 Bf8 50. Kf6 Kd6 51. Bb3 Rd8 52. Rg4 Be7+ 53.
Kf5 Bf8 54. Rd4+ Ke7 55. Ra4 Ra8 56. Ra6 Kd6 57. Ba4 Rc8 58. Rxa7 c5 59. Rd7#
 1-0

[Event "2LD 24/25,Vysoke Myto-Univerzita Brno"]
[Site ""]
[Date "2024.11.03"]
[Round "2.4"]
[White "Jelinek, Ota"]
[Black "Vesely, Tomas"]
[WhiteElo "2091"]
[BlackElo "2051"]
[Result "1-0"]
[PlyCount "74"]

1. e4 c5 2. Nc3 Nc6 3. f4 g6 4. Nf3 Bg7 5. g3 d6 6. Bg2 e6 7. O-O Nge7 8. d3
O-O 9. g4 f5 10. h3 Qd7 11. Ne2 b5 12. Ng3 Bb7 13. c3 a5 14. Be3 a4 15. d4 a3
16. dxc5 axb2 17. Rb1 fxe4 18. Nxe4 Nd5 19. Qd2 Na5 20. Nxd6 Bxc3 21. Qd3 b4
22. Nxb7 Nxb7 23. Ng5 Rad8 24. Kh1 Qe7 25. f5 Nxe3 26. Qxe3 Nxc5 27. Nxe6 Nxe6
28. fxe6 Bd2 29. Rxf8+ Kxf8 30. Rf1+ Kg8 31. Qe5 Bc3 32. Qe4 Rd6 33. Qc4 Kg7
34. Bd5 Qf6 35. Rxf6 Bxf6 36. Be4 Rd1+ 37. Kg2 Bc3 1-0

[Event "2LD 24/25,Vysoke Myto-Univerzita Brno"]
[Site ""]
[Date "2024.11.03"]
[Round "2.5"]
[White "Kosek, Marek"]
[Black "Ibrahim, Emad"]
[WhiteElo "2102"]
[BlackElo "2031"]
[Result "1/2-1/2"]
[PlyCount "67"]

1. c4 Nf6 2. Nc3 c5 3. g3 g6 4. Bg2 Bg7 5. e3 O-O 6. Nge2 d6 7. O-O Nc6 8. b3
Rb8 9. Bb2 Bf5 10. d3 Qd7 11. Qd2 Bh3 12. Nf4 Bxg2 13. Kxg2 e6 14. h3 d5 15.
cxd5 exd5 16. Rac1 d4 17. Ne4 b6 18. Nxf6+ Bxf6 19. e4 Bg5 20. f3 Qd6 21. Rce1
Rbe8 22. Bc1 f5 23. Qd1 fxe4 24. fxe4 Ne5 25. Qe2 h5 26. Nd5 Bxc1 27. Rxc1 Rxf1
28. Rxf1 Rf8 29. Rf4 Kg7 30. Qf1 g5 31. Rf5 Ng6 32. Qf3 h4 33. g4 Kh6 34. Qf2
 1/2-1/2

[Event "2LD 24/25,Vysoke Myto-Univerzita Brno"]
[Site ""]
[Date "2024.11.03"]
[Round "2.6"]
[White "Moulis, Mojmir"]
[Black "Ptacek, Lubos"]
[WhiteElo "2032"]
[BlackElo "2036"]
[Result "1/2-1/2"]
[PlyCount "30"]

1. e4 e5 2. Nf3 Nc6 3. Bc4 Be7 4. c3 Nf6 5. Qe2 d6 6. d3 O-O 7. b4 a6 8. O-O
Bg4 9. h3 Bh5 10. a3 Qd7 11. Nbd2 Rad8 12. Re1 d5 13. Bb3 dxe4 14. dxe4 Qd3 15.
Bb2 Qxe2 1/2-1/2

[Event "2LD 24/25,Vysoke Myto-Univerzita Brno"]
[Site ""]
[Date "2024.11.03"]
[Round "2.7"]
[White "Kosek, Jiri"]
[Black "Riha, Otmar"]
[WhiteElo "1952"]
[BlackElo "1928"]
[Result "1/2-1/2"]
[PlyCount "38"]

1. c4 e6 2. d4 d5 3. Nf3 Nf6 4. Nc3 c6 5. e3 Nbd7 6. cxd5 exd5 7. Bd3 Bd6 8.
O-O O-O 9. a3 a5 10. Qc2 Re8 11. Bd2 Qe7 12. Rab1 Ne4 13. Ne2 Ndf6 14. Ng3 Nxg3
15. hxg3 Ne4 16. Rfe1 h5 17. Bc3 Nxc3 18. Qxc3 Bg4 19. e4 dxe4 1/2-1/2

[Event "2LD 24/25,Vysoke Myto-Univerzita Brno"]
[Site ""]
[Date "2024.11.03"]
[Round "2.8"]
[White "Pelikan, Ctibor"]
[Black "Dosedel, Jiri"]
[WhiteElo "1962"]
[BlackElo "1989"]
[Result "0-1"]
[PlyCount "66"]

1. Nf3 Nf6 2. g3 g6 3. Bg2 Bg7 4. O-O O-O 5. c4 d6 6. Nc3 e5 7. d4 Nbd7 8. Re1
c6 9. e3 Qc7 10. b3 Re8 11. Bb2 Nf8 12. Qc2 Bg4 13. Nd2 h5 14. h3 Bf5 15. e4
Bd7 16. dxe5 dxe5 17. Rad1 Ne6 18. Nf3 Nh7 19. Ne2 Rad8 20. Bc3 c5 21. Qc1 Bc6
22. Nh4 Bf6 23. f4 Nd4 24. f5 g5 25. Nf3 Bxe4 26. Nexd4 exd4 27. Rxe4 Rxe4 28.
Be1 Rde8 29. Bf1 g4 30. hxg4 hxg4 31. Nh4 Bxh4 32. gxh4 Rxe1 33. Rxe1 Qg3+ 0-1

[Event "2LD 24/25,Namest n/Osl A-Rychnov n/Kn"]
[Site ""]
[Date "2024.11.03"]
[Round "2.1"]
[White "Walek, Petr"]
[Black "Sabuk, Piotr"]
[WhiteElo "2270"]
[BlackElo "2386"]
[Result "1/2-1/2"]
[PlyCount "149"]

1. e4 c6 2. d4 d5 3. e5 Bf5 4. Nf3 e6 5. Be2 Nd7 6. O-O a5 7. a4 f6 8. c4 fxe5
9. dxe5 Bc5 10. cxd5 exd5 11. Nd4 Ne7 12. e6 Ne5 13. Nxf5 Nxf5 14. Qc2 Nd4 15.
Bh5+ g6 16. Qxc5 Qf6 17. Bd1 Nxe6 18. Qd6 Nc4 19. Qg3 O-O 20. Nc3 Rae8 21. Bb3
Ne5 22. Bh6 Rf7 23. Rae1 Nd7 24. Bg5 Qf5 25. Re2 Rff8 26. Rfe1 Kf7 27. Bh6 Nd4
28. Rxe8 Rxe8 29. Rxe8 Kxe8 30. Bd1 Ne5 31. Qe3 Ne6 32. Bc2 Qxc2 33. Qxe5 Kd7
34. Bf4 Nxf4 35. Qxf4 Qxb2 36. Qf7+ Kc8 37. Qe8+ Kc7 38. Qe5+ Kd7 39. Qg7+ Ke6
40. g3 Qd2 41. Qg8+ Ke5 42. Qxh7 Kd4 43. Qg7+ Kc4 44. Qxb7 Kxc3 45. Qxc6+ Kb2
46. Qxg6 d4 47. h4 d3 48. Kg2 Qe2 49. Qg7+ Kc2 50. Qc7+ Kd1 51. Qb7 Kc1 52. h5
d2 53. Qc6+ Kb2 54. Qf6+ Kb3 55. Qf7+ Ka3 56. Qf8+ Kxa4 57. Qf4+ Kb3 58. Qf7+
Kb2 59. Qf6+ Kc2 60. Qc6+ Kb3 61. Qd5+ Kb2 62. Qd4+ Kc2 63. Qa4+ Kb2 64. Qd4+
Ka3 65. Qc3+ Ka4 66. Qd4+ Kb3 67. Qd5+ Kc3 68. Qxa5+ Kd4 69. Qb4+ Kd5 70. Qb7+
Kd6 71. Qb6+ Ke7 72. Qc7+ Ke8 73. Qc8+ Ke7 74. Qc7+ Ke8 75. Qc8+ 1/2-1/2

[Event "2LD 24/25,Namest n/Osl A-Rychnov n/Kn"]
[Site ""]
[Date "2024.11.03"]
[Round "2.2"]
[White "Fiedorek, Michal"]
[Black "Richterova, Natasa"]
[WhiteElo "2295"]
[BlackElo "2143"]
[Result "1-0"]
[PlyCount "155"]

1. e4 Nf6 2. e5 Nd5 3. d4 d6 4. Nf3 Bg4 5. Be2 e6 6. O-O Be7 7. h3 Bh5 8. c4
Nb6 9. exd6 cxd6 10. Be3 O-O 11. b3 Bf6 12. Nc3 Nc6 13. Qd2 d5 14. c5 Bxf3 15.
Bxf3 Nc8 16. Ne2 N8e7 17. Bg4 g6 18. Bh6 Re8 19. b4 Rc8 20. Rac1 Kh8 21. Rfe1
Ng8 22. Bf4 Bg7 23. Bf3 Nge7 24. b5 Na5 25. Bg5 Nc4 26. Qf4 Kg8 27. Nc3 Qd7 28.
Bf6 Bxf6 29. Qxf6 Nf5 30. g4 Ng7 31. Be2 Na5 32. Bf1 h5 33. Re5 hxg4 34. hxg4
Rf8 35. Rce1 Ne8 36. Qf4 Kg7 37. g5 Rc7 38. R5e3 Rh8 39. Bd3 Rc8 40. Re5 Qc7
41. R1e3 Rd8 42. Kg2 a6 43. a4 axb5 44. axb5 Qb8 45. Ne2 Rd7 46. Qg3 Nc4 47.
Bxc4 dxc4 48. Qf3 Qd8 49. b6 Rh5 50. Qg3 Rd5 51. f4 Kg8 52. Rxd5 Qxd5+ 53. Qf3
Qd7 54. Ng3 Rh4 55. Qe4 Ng7 56. Ra3 Kh7 57. Qe5 Qb5 58. Re3 Qb2+ 59. Re2 Qc3
60. Qe3 Qb4 61. Ne4 Qb1 62. Re1 Qc2+ 63. Qf2 Qxf2+ 64. Nxf2 Nf5 65. c6 Kg7 66.
cxb7 Rh8 67. Ne4 Rb8 68. Nc5 Nd6 69. Rc1 Nxb7 70. Rxc4 Na5 71. Ra4 Nc6 72. b7
Rd8 73. Ra8 Rxd4 74. Rc8 Rd2+ 75. Kf1 Rd6 76. Ne4 Rd1+ 77. Ke2 Rb1 78. Nf6 1-0

[Event "2LD 24/25,Namest n/Osl A-Rychnov n/Kn"]
[Site ""]
[Date "2024.11.03"]
[Round "2.3"]
[White "Kratochvil, Vit"]
[Black "Horak, Jan"]
[WhiteElo "2229"]
[BlackElo "2128"]
[Result "1-0"]
[PlyCount "71"]

1. e4 e6 2. d4 d5 3. Nc3 Bb4 4. exd5 exd5 5. Bd3 Nc6 6. a3 Bd6 7. Nb5 Nge7 8.
Qf3 Be6 9. Ne2 a6 10. Nxd6+ Qxd6 11. Bf4 Qd7 12. Qg3 O-O-O 13. O-O Rdg8 14. b4
f6 15. b5 axb5 16. Bxb5 g5 17. Bd2 Nf5 18. Qc3 Nd6 19. Bxc6 Qxc6 20. Qxc6 bxc6
21. Bb4 Bf5 22. Rfc1 Re8 23. Ng3 Bg6 24. c3 Kd7 25. a4 Bd3 26. Re1 Ne4 27. Nh5
Re6 28. Ng7 c5 29. dxc5 Rc6 30. Nf5 Bc4 31. f3 Nxc5 32. Nd4 Nb3 33. Re7+ Kc8
34. Nxc6 Nxa1 35. Ba5 h6 36. Rxc7# 1-0

[Event "2LD 24/25,Namest n/Osl A-Rychnov n/Kn"]
[Site ""]
[Date "2024.11.03"]
[Round "2.4"]
[White "Mik, Tomas"]
[Black "Zezula, Jakub"]
[WhiteElo "2069"]
[BlackElo "2163"]
[Result "1/2-1/2"]
[PlyCount "104"]

1. e4 e5 2. Nf3 Nc6 3. Bb5 a6 4. Bxc6 dxc6 5. O-O f6 6. d4 exd4 7. Nxd4 c5 8.
Nb3 Qxd1 9. Rxd1 Bd6 10. Nc3 Be6 11. Be3 b6 12. Rd2 O-O-O 13. Rad1 Ne7 14. Nc1
Nc6 15. N1e2 Ne5 16. b3 Bf7 17. Nd5 Kb7 18. f3 h5 19. Ng3 h4 20. Nf5 Bf8 21.
Bf4 c4 22. Bxe5 fxe5 23. Kf1 g6 24. Nfe3 Bh6 25. Ke2 cxb3 26. cxb3 c5 27. Nf6
Rd4 28. Rxd4 cxd4 29. Nc2 Rc8 30. Ne1 a5 31. Rb1 a4 32. bxa4 Bc4+ 33. Nd3 Ba6
34. Rb3 Rc3 35. Rb5 Rc2+ 36. Kf1 Bxb5 37. axb5 h3 38. gxh3 Bf4 39. Ng4 Rxa2 40.
Ngxe5 Bxe5 41. Nxe5 Rxh2 42. Nxg6 Rxh3 43. Ke2 Rh5 44. Kd3 Rg5 45. Nh4 Rxb5 46.
Kxd4 Rb1 47. Ng6 Kc7 48. f4 b5 49. f5 Kd7 50. e5 b4 51. e6+ Ke8 52. f6 Rf1
 1/2-1/2

[Event "2LD 24/25,Namest n/Osl A-Rychnov n/Kn"]
[Site ""]
[Date "2024.11.03"]
[Round "2.5"]
[White "Mrazik, Tomas"]
[Black "Zelbova, Lada"]
[WhiteElo "1952"]
[BlackElo "1909"]
[Result "1-0"]
[PlyCount "63"]

1. Nf3 c5 2. c4 Nc6 3. Nc3 g6 4. e3 Nf6 5. d4 cxd4 6. exd4 d5 7. cxd5 Nxd5 8.
Qb3 Nxc3 9. Bc4 Nd5 10. Bxd5 e6 11. Bxc6+ bxc6 12. O-O Bg7 13. Bf4 O-O 14. Qe3
Ba6 15. Rfc1 Qb6 16. Bh6 Rfe8 17. Bxg7 Kxg7 18. Ne5 Bb7 19. Qf4 f6 20. Nc4 Qb4
21. a3 Qe7 22. Rc3 Red8 23. Na5 Rac8 24. Re1 Rd5 25. b4 Kf7 26. Rce3 Rcd8 27.
Nxb7 Qxb7 28. Rxe6 Rf5 29. Qe4 Rd7 30. g4 Rfd5 31. Qf4 f5 32. Qh6 1-0